Woman Between Islam and Western Society (Record no. 10524)

MARC details
000 -LEADER
fixed length control field 00655nam a2200253 a 4500
020 ## - INTERNATIONAL STANDARD BOOK NUMBER
ISBN 8185063
082 00 - DEWEY DECIMAL CLASSIFICATION NUMBER
Classification number 305.480297
Author Cutter KHA3
100 ## - MAIN ENTRY--AUTHOR NAME
Author name Khan, Waheeduddin
245 ## - TITLE STATEMENT
Title Woman Between Islam and Western Society
260 ## - PUBLICATION, DISTRIBUTION, ETC. (IMPRINT)
Place of publication Delhi
Name of publisher Islamic Centre(al-Risala Office
Year of publication 1995
300 ## - PHYSICAL DESCRIPTION
Number of Pages 256p
500 ## - GENERAL NOTE
General note includes index and biblioraphy
505 2# - FORMATTED CONTENTS NOTE
Formatted contents note Appendices
650 ## - SUBJECT ADDED ENTRY--TOPICAL TERM
Topical Term Muslim Women
650 ## - SUBJECT ADDED ENTRY--TOPICAL TERM
Topical Term Women in Islam
942 ## - ADDED ENTRY ELEMENTS (KOHA)
Koha item type Books
700 1# -
-- Khan, Waheeduddin
Holdings
Collection code Home library Current library Date acquired Cost, normal purchase price Full call number Accession Number Koha item type
  Henry Martyn Institute Library Henry Martyn Institute Library 09/09/2008 95.00 305.480297 KHA3 015344 Books
                   Copyright © 2026 | Henry Martyn Institute | Hyderabad | TS-500052 | INDIA | Implemented by hmi.edu.in
Hit-Count:

Powered by Koha